[Event "Maastricht Limburg op-C 4th"]
[Site "Maastricht"]
[Date "2010.05.24"]
[Round "6"]
[White "Hinzen, Jack"]
[Black "Thirion, Jean Francois"]
[Result "0-1"]
[WhiteElo "1489"]
[BlackElo "1660"]
[PlyCount "30"]
[EventDate "2010.05.21"]
[EventType "swiss"]
[EventRounds "7"]
[EventCountry "NED"]
[SourceTitle "EXT 2011"]
[Source "ChessBase"]
[SourceDate "2010.11.26"]
[SourceVersion "1"]
[SourceVersionDate "2010.11.26"]
[SourceQuality "1"]

1. c4 f5 2. d4 e6 3. a3 Nf6 4. Bg5 Be7 5. Nf3 0-0 6. e3 d5 7. c5 Ne4 8. Bxe7 Qxe7 9. Ne5 g6 10. f3 Qh4+ 11. g3 Nxg3 12. Rg1 Ne4+ 13. Ke2 Qf2+ 14. Kd3 Qxg1 15. fxe4 fxe4+ 0-1